大手私鉄別 開業日が新しい駅 トップ5 - Statistics

General Stats
  • This quiz has been taken 403 times
  • The average score is 45 of 128
Answer Stats
順位 駅名 開業年 % Correct
東急電鉄 1位 新横浜 2023
76%
相模鉄道 1位 新横浜 2023
76%
東急電鉄 1位 新綱島 2023
73%
相模鉄道 2位 羽沢横浜国大 2019
68%
東京地下鉄 1位 虎ノ門ヒルズ 2020
67%
京成電鉄 1位 成田湯川 2010
63%
京成電鉄 1位 印旛日本医大 2010
61%
東武鉄道 4位 押上 2003
59%
東京地下鉄 2位 西早稲田 2008
59%
東京地下鉄 3位 押上 2003
59%
東京地下鉄 2位 雑司が谷 2008
58%
東京地下鉄 2位 東新宿 2008
58%
東京地下鉄 2位 北参道 2008
57%
相模鉄道 3位 湘南台 1999
57%
東武鉄道 1位 みなみ寄居 2020
55%
京成電鉄 1位 新鎌ヶ谷 2010
53%
小田急電鉄 4位 小田急多摩センター 1975
53%
京王電鉄 4位 京王多摩センター 1974
52%
阪神電気鉄道 1位 大阪難波 2009
52%
京王電鉄 2位 橋本 1990
51%
東京地下鉄 4位 白金高輪 2000
51%
東京地下鉄 4位 目黒 2000
51%
小田急電鉄 2位 唐木田 1990
51%
京成電鉄 1位 千葉ニュータウン中央 2010
50%
東武鉄道 2位 東武ワールドスクウェア 2017
49%
東京地下鉄 3位 住吉 2003
49%
東京地下鉄 4位 白金台 2000
49%
小田急電鉄 5位 小田急永山 1974
49%
東京地下鉄 3位 錦糸町 2003
48%
東京地下鉄 3位 清澄白河 2003
48%
小田急電鉄 1位 はるひ野 2004
48%
京阪電気鉄道 1位 中之島 2008
48%
京王電鉄 4位 京王永山 1974
47%
相模鉄道 5位 いずみ野 1976
47%
京浜急行電鉄 1位 羽田空港第3ターミナル 2010
47%
京成電鉄 1位 東松戸 2010
46%
東急電鉄 3位 中央林間 1984
46%
相模鉄道 3位 ゆめが丘 1999
46%
相模鉄道 5位 南万騎が原 1976
46%
相模鉄道 4位 いずみ中央 1990
45%
西武鉄道 5位 新桜台 1983
44%
京王電鉄 3位 南大沢 1988
44%
東京地下鉄 4位 六本木一丁目 2000
44%
阪神電気鉄道 1位 ドーム前 2009
44%
京成電鉄 2位 ちはら台 1995
43%
阪神電気鉄道 1位 桜川 2009
43%
京王電鉄 5位 京王稲田堤 1971
42%
東京地下鉄 4位 麻布十番 2000
42%
名古屋鉄道 2位 中部国際空港 2005
42%
阪神電気鉄道 1位 九条 2009
42%
西武鉄道 5位 小竹向原 1983
41%
京浜急行電鉄 3位 天空橋 1993
41%
小田急電鉄 5位 栗平 1974
41%
京王電鉄 1位 多摩境 1991
40%
小田急電鉄 5位 黒川 1974
40%
相模鉄道 5位 緑園都市 1976
40%
京王電鉄 4位 若葉台 1974
39%
京阪電気鉄道 2位 出町柳 1989
39%
京浜急行電鉄 2位 羽田空港第1・第2ターミナル 1998
39%
京阪電気鉄道 1位 渡辺橋 2008
38%
京王電鉄 5位 京王よみうりランド 1971
37%
小田急電鉄 5位 五月台 1974
37%
南海電気鉄道 2位 りんくうタウン 1994
37%
南海電気鉄道 2位 関西空港 1994
37%
京阪電気鉄道 1位 大江橋 2008
37%
阪急電鉄 1位 西山天王山 2013
37%
京阪電気鉄道 1位 なにわ橋 2008
36%
京成電鉄 2位 おゆみ野 1995
35%
東急電鉄 5位 池尻大橋 1977
35%
小田急電鉄 5位 新百合ヶ丘 1974
35%
名古屋鉄道 2位 りんくう常滑 2005
35%
近畿日本鉄道 1位 学研奈良登美ヶ丘 2006
35%
京阪電気鉄道 2位 神宮丸太町 1989
35%
京王電鉄 4位 稲城 1974
34%
東急電鉄 5位 桜新町 1977
34%
東急電鉄 5位 用賀 1977
34%
阪神電気鉄道 3位 西九条 1964
34%
京成電鉄 5位 千葉寺 1992
33%
京王電鉄 3位 京王堀之内 1988
32%
東急電鉄 5位 駒沢大学 1977
32%
京成電鉄 4位 空港第2ビル 1992
31%
相模鉄道 5位 弥生台 1976
30%
京成電鉄 2位 学園前 1995
29%
東急電鉄 2位 恩田 2000
29%
京阪電気鉄道 5位 淀屋橋 1963
28%
近畿日本鉄道 1位 学研北生駒 2006
27%
東武鉄道 3位 流山おおたかの森 2005
26%
南海電気鉄道 1位 和歌山大学前 2012
26%
京阪電気鉄道 5位 北浜 1963
25%
西武鉄道 1位 練馬高野台 1994
24%
西武鉄道 3位 西武園ゆうえんち 1985
23%
東急電鉄 4位 あざみ野 1977
23%
阪急電鉄 2位 摂津市 2010
23%
京成電鉄 5位 大森台 1992
22%
小田急電鉄 3位 開成 1985
22%
東武鉄道 5位 つきのわ 2002
21%
京成電鉄 3位 公津の杜 1994
21%
近畿日本鉄道 1位 白庭台 2006
21%
阪神電気鉄道 2位 武庫川団地前 1984
21%
阪急電鉄 3位 洛西口 2003
21%
南海電気鉄道 5位 林間田園都市 1981
20%
阪急電鉄 4位 山田 1973
19%
西日本鉄道 1位 2009
19%
西武鉄道 2位 航空公園 1987
17%
京浜急行電鉄 4位 逗子・葉山 1985
17%
名古屋鉄道 1位 南桜井 2008
17%
阪神電気鉄道 4位 尼崎センタープール前 1952
17%
阪神電気鉄道 5位 東鳴尾 1943
16%
京浜急行電鉄 5位 新馬場 1976
15%
東京地下鉄 5位 妙典 2000
15%
阪神電気鉄道 5位 洲先 1943
15%
西日本鉄道 4位 桜台 1971
12%
近畿日本鉄道 4位 大阪教育大前 1991
11%
南海電気鉄道 3位 岸里玉出 1993
10%
南海電気鉄道 4位 美加の台 1984
9%
阪急電鉄 5位 南茨木 1970
9%
西日本鉄道 2位 三国が丘 1992
9%
京阪電気鉄道 4位 門真市 1971
8%
西武鉄道 4位 武蔵砂川 1983
7%
名古屋鉄道 4位 美浜緑苑 1987
7%
近畿日本鉄道 2位 木津川台 1994
7%
近畿日本鉄道 3位 近鉄宮津 1993
7%
京阪電気鉄道 3位 西三荘 1975
6%
近畿日本鉄道 5位 南が丘 1989
5%
名古屋鉄道 3位 印場 1995
4%
名古屋鉄道 5位 阿久比 1983
3%
西日本鉄道 3位 唐の原 1986
3%
西日本鉄道 5位 香椎宮前 1959
3%
No matching quizzes found
Score Distribution
Percent of People with Each Score
Percentile by Number Answered
Your Score History
You have not taken this quiz